00588nam a2200169 a 450000500170000000800410001702000150005805000230007310000180009624501220011426000520023630000340028852100070032265000280032965000170035765000440037420140310183342.0070115s19uu xx 00 eng d a2880463335 aTR 590b.T944 1998 aTurner, Janet aDesigning with light :bpublic places lighting solutions for exhibitions, museums and historic spaces /cJanet Turner aNew York :bWatson-Guptill Publications,c1998. a159 p. :bcol. ill. ;c24 cm. aMA aLight in architechture. aDaylighting. aLighting, Architectural and decorative.